Multiple-Choice-Stadtquiz Wiesbaden - Statistiken

Allgemein
  • Dieses Quiz wurde 1.129 mal gespielt
  • Das Durchschnittsergebnis liegt bei 7 aus 10
Antwortstatistiken
Frage Antwort % Korrekt
Von welchem Bundesland ist Wiesbaden die Hauptstadt? Hessen
96%
Welche Stadt in diesem Bundesland ist als einzige nach ihrer Einwohnerzahl größer als Wiesbaden? Frankfurt am Main
95%
Welche Großstadt liegt direkt auf der gegenüberliegenden Seite des Rheins? Mainz
89%
Welcher Fluss - außer der Rhein - bildet ebenfalls teilweise die Stadtgrenze von Wiesbaden? Main
83%
Welches Gebirge grenzt direkt an Wiesbaden? Taunus
82%
Welche Funktion hat das Stadtschloss Wiesbaden heute? Sitz des Hessischen Landtags
58%
Welches Wiesbadener Schloss liegt direkt am Rhein und wurde barock erbaut? Schloss Biebrich
56%
Welche bekannte Straße in Wiesbaden ist für ihre eleganten Villen und Geschäfte berühmt? Wilhelmstraße
56%
Was ist eine Besonderheit des Stadtgrunds von Wiesbaden? Zahlreiche heiße Quellen sprudeln dort
51%
Wie wird Wiesbaden aufgrund seiner eleganten Architektur, historischen Gebäude und ausgedehnten Parks auch genannt? Nizza des Nordens
24%
Keine übereinstimmenden Quizze gefunden
Verteilung der Resultate
Anzahl Personen mit jedem Resultat
Perzentil nach korrekt beantworteten Fragen
Ihre Resultats-Entwicklung
Sie haben dieses Quiz noch nicht gespielt